Literature - American | 2 | 5 | 0 | 0 | 80 | 42 | 96.43 | 0 | 1 |
History - World | 1 | 6 | 0 | 0 | 75 | 46 | 79.57 | 0 | 1 |
History - European | 0 | 6 | 0 | 0 | 60 | 63 | 91.00 | 0 | 1 |
History - American | 0 | 6 | 0 | 0 | 60 | 63 | 86.50 | 0 | 0 |
Science - Biology | 1 | 4 | 0 | 0 | 55 | 43 | 93.60 | 0 | 1 |
Literature - European | 0 | 5 | 0 | 0 | 50 | 66 | 97.60 | 0 | 0 |
History - Cross, Historiography, and Miscellaneous | 1 | 3 | 0 | 0 | 45 | 63 | 72.25 | 0 | 0 |
Social Science - Economics | 0 | 2 | 0 | 0 | 20 | 71 | 97.00 | 0 | 0 |
RMP - Philosophy | 0 | 2 | 0 | 0 | 20 | 102 | 110.50 | 0 | 0 |
Science - Chemistry | 0 | 2 | 0 | 0 | 20 | 73 | 80.00 | 0 | 0 |
Literature - World and Miscellaneous | 0 | 2 | 0 | 0 | 20 | 77 | 86.00 | 0 | 0 |
Literature - British | 0 | 2 | 0 | 0 | 20 | 75 | 102.50 | 0 | 0 |
Social Science - Sociology | 0 | 1 | 0 | 0 | 10 | 93 | 93.00 | 0 | 0 |
Fine Arts - Architecture | 0 | 1 | 0 | 0 | 10 | 109 | 109.00 | 0 | 0 |
Fine Arts - Sculpture | 0 | 1 | 0 | 0 | 10 | 86 | 86.00 | 0 | 0 |
RMP - Christian Practice | 0 | 1 | 0 | 0 | 10 | 112 | 112.00 | 0 | 0 |
RMP - Islam | 0 | 1 | 0 | 0 | 10 | 108 | 108.00 | 0 | 0 |
RMP - World Mythology | 0 | 1 | 0 | 0 | 10 | 87 | 87.00 | 0 | 0 |
Current Events - World | 0 | 1 | 0 | 0 | 10 | 73 | 73.00 | 0 | 0 |
Geography - World | 0 | 0 | 0 | 0 | 0 | | 0.00 | 0 | 0 |
Fine Arts - Miscellaneous | 0 | 0 | 0 | 0 | 0 | | 0.00 | 0 | 0 |
RMP - Greco-Roman Mythology | 0 | 0 | 0 | 0 | 0 | | 0.00 | 0 | 0 |
Fine Arts - Ballet/Dance | 0 | 0 | 0 | 0 | 0 | | 0.00 | 0 | 0 |